| 000 | 00563nam a22001697a 4500 | ||
|---|---|---|---|
| 003 | SGT | ||
| 020 | _a0876925751 | ||
| 082 | _a658.3,HER | ||
| 100 | _aHERSEY, PAUL | ||
| 245 |
_aMANAGEMENT OFORGANIZATIONALBEHEVIOR _bUTLIZING HUMAN RESOURCES |
||
| 250 | _a5TH | ||
| 260 |
_aNEW DELHI _bPHI _c1988 |
||
| 300 | _a474 | ||
| 650 | _aMANAGEMENT | ||
| 653 | _aMANAGEMENT AN APPLIED BEHAVIORAL SCIENCES APPROACH,MOTIVATION AND BEHAVIOR, MOTIVATING ENVIRONMENT, LEADERSHIP TRAIT AND ATTITUDINAL APPROACHES, LEADERSHIP SITUATIONAL APPROACHES | ||
| 942 |
_2ddc _cFCM _01 |
||
| 999 |
_c9067 _d9067 |
||